LDR 00920naa#a2200181#i#450# 001 RU\\bibl\126250 005 20260705062044.7 011 ## _a2658-3488 100 ## _a20260630b2026####ek#y0rusy0150####ca 102 ## _aRU 200 1# _aПРОЕКТИРОВАНИЕ МОДЕЛИ АВТОМАТИЗИРОВАННОЙ СИСТЕМЫ АНАЛИЗА ФАКТОРОВ ПСИХОЛОГИЧЕСКОГО СОСТОЯНИЯ РАБОТНИКА ПРЕДПРИЯТИЯ _eЖурнальная статья 210 1# _aБрянск _cБрянский государственный технический университет _d2026 215 ## _a6 с. 608 ## _aЖурнальная статья _2local 675 ## _aБезопасность, защищённость данных. 004.056 _z 700 #1 _aКузнецова _gНаталия Михайловна 700 #1 _aКарлова _gТатьяна Владимировна 856 4# _azh-szf.ru _u